00450nam a2200169 a 45000010010000000030011000100080041000210200015000620350026000771000019001032450056001222600022001783000014002005000012002146500024002268560030002500001-1148ELIB.Books150505 2010 eng  a2825405825 a(ELIB.Books)0001-1303 aPotter, Philip aWhat in the World is the World Council of Churches? aGenevabWCCc1983 a90c21 Cm alibrary aEcumenical Movement nKBTS: LibraryuKBTS: Elib